[Event "Latin Cup-A 6th"]
[Site "Buenos Aires"]
[Date "2015.03.23"]
[Round "7"]
[White "Ferrero, Luis"]
[Black "Lallana, Daniel"]
[Result "0-1"]
[WhiteElo "1635"]
[BlackElo "1901"]
[PlyCount "112"]
[EventDate "2015.03.19"]
[EventType "swiss"]
[EventRounds "9"]
[EventCountry "ARG"]
[SourceTitle "CBM 165 Extra"]
[Source "ChessBase"]
[SourceDate "2015.04.21"]
[SourceVersion "1"]
[SourceVersionDate "2015.04.21"]
[SourceQuality "1"]

1. d4 d5 2. Nf3 Nf6 3. Bf4 e6 4. e3 Bd6 5. Nc3 c6 6. Bxd6 Qxd6 7. Bd3 Nbd7 8. 0-0 Nf8 9. e4 dxe4 10. Nxe4 Nxe4 11. Bxe4 Ng6 12. g3 Bd7 13. c3 f5 14. Bd3 0-0-0 15. Re1 Qf8 16. b4 h5 17. Ng5 Qf6 18. h4 e5 19. dxe5 Nxe5 20. Rxe5 Qxe5 21. Nf7 Qxc3 22. Nxh8 Be6 23. Qe1 Qf6 24. Rd1 Rxh8 25. Qe3 Kb8 26. b5 Bd5 27. bxc6 Bxc6 28. Qf4+ Ka8 29. Qxf5 Qxf5 30. Bxf5 a5 31. Bg6 Rh6 32. Bf7 Ka7 33. Re1 Bf3 34. Re3 Rf6 35. Bc4 Bc6 36. Re5 Rd6 37. Kf1 Kb6 38. Rxh5 Rd4 39. Be2 Ra4 40. Rg5 Rxa2 41. f3 a4 42. Rxg7 a3 43. Bc4 Rc2 44. Bf7 Bb5+ 45. Kg1 Bc4 46. Bxc4 Rxc4 47. Re7 Rc2 48. Re3 a2 49. Ra3 Kc5 50. h5 b5 51. h6 Rc1+ 52. Kg2 a1Q 53. Rxa1 Rxa1 54. g4 Kd5 55. h7 Ra8 56. g5 Ke6 0-1

[Event "Latin Cup-A 6th"]
[Site "Buenos Aires"]
[Date "2015.03.23"]
[Round "6"]
[White "Lallana, Daniel"]
[Black "Saracho, Franco"]
[Result "1-0"]
[WhiteElo "1901"]
[BlackElo "1581"]
[PlyCount "95"]
[EventDate "2015.03.19"]
[EventType "swiss"]
[EventRounds "9"]
[EventCountry "ARG"]
[SourceTitle "CBM 165 Extra"]
[Source "ChessBase"]
[SourceDate "2015.04.21"]
[SourceVersion "1"]
[SourceVersionDate "2015.04.21"]
[SourceQuality "1"]

1. c4 e5 2. Nc3 Nc6 3. e3 Nf6 4. d4 exd4 5. exd4 d5 6. cxd5 Nxd5 7. a3 Be6 8. Nf3 Be7 9. Bb5 Nxc3 10. bxc3 Bd7 11. 0-0 a6 12. Ba4 b5 13. Bc2 Bg4 14. Re1 0-0 15. Qd3 g6 16. Bb3 Na5 17. Ba2 c5 18. Ne5 c4 19. Qe4 Bf5 20. Qf3 Re8 21. Bh6 Be6 22. Bb1 Bg5 23. Bxg5 Qxg5 24. Bc2 Rac8 25. d5 f6 26. dxe6 fxe5 27. Qd5 Nc6 28. Re3 Qf6 29. Be4 Qxe6 30. Qc5 Nd8 31. Qb4 Nf7 32. Qa5 Re7 33. a4 Rb8 34. h4 Qb6 35. Qb4 Qd6 36. Qxd6 Nxd6 37. Bd5+ Kg7 38. Rb1 Rb6 39. g4 Nb7 40. Bxc4 Nd6 41. Bd5 Kf6 42. Kg2 Rc7 43. Rb4 a5 44. g5+ Kf5 45. Kg3 e4 46. Bxe4+ Ke5 47. Bg2+ Kf5 48. Rf4# 1-0

[Event "Montevideo zt 2.5"]
[Site "Montevideo"]
[Date "2013.04.19"]
[Round "1"]
[White "Salinas Herrera, Pablo Patricio"]
[Black "Lallana, Daniel"]
[Result "1-0"]
[WhiteElo "2401"]
[BlackElo "1985"]
[PlyCount "96"]
[EventDate "2013.04.19"]
[EventType "swiss"]
[EventRounds "9"]
[EventCountry "URU"]
[SourceTitle "CBM 154 Extra"]
[Source "ChessBase"]
[SourceDate "2013.06.25"]
[SourceVersion "2"]
[SourceVersionDate "2013.06.25"]
[SourceQuality "1"]

1. d4 Nf6 2. c4 g6 3. Nc3 Bg7 4. e4 0-0 5. Nf3 d6 6. Be2 c6 7. 0-0 Na6 8. h3 Nc7 9. Be3 Bd7 10. Nd2 e5 11. d5 c5 12. a3 Nfe8 13. Qc2 Qe7 14. f4 exf4 15. Bxf4 f5 16. Bh2 Bd4+ 17. Kh1 Nf6 18. exf5 Bxf5 19. Bd3 Bxd3 20. Qxd3 Rae8 21. Nf3 Bxc3 22. Qxc3 Qd7 23. Ng5 Nh5 24. Rae1 h6 25. Rxe8 Qxe8 26. Re1 Qd8 27. Ne6 Nxe6 28. dxe6 Qe7 29. Qd3 Qg5 30. e7 Re8 31. Bxd6 Kh7 32. Rf1 Rxe7 33. Bxe7 Qxe7 34. Qf3 Kg8 35. Rd1 Ng7 36. Qg4 Kh7 37. Qf4 h5 38. Rd5 b6 39. Kh2 Nf5 40. Qe5 Qf7 41. Rd8 Ng7 42. Qb8 g5 43. Rh8+ Kg6 44. Qd6+ Ne6 45. Qd3+ Kf6 46. Rh6+ Ke7 47. Rh7 Ng7 48. Qe4+ Kf8 1-0